000 00544nam a2200181Ia 4500
003 GCL
008 140319s9999 xx 000 0 ara d
040 _aGCL /
_cGCL
082 0 4 _a813.03
_bع د
100 1 _aعبدالله العروبى
245 1 0 _aروايتان : الغربة واليتم /
_cعبدالله العروبى
260 _a[S.N] :
_bالمركز الثقافى العربى ،
_c1986
300 _a231 ص
490 _a
650 0 4 _aالادب العربى
650 0 4 _aالقصة العربية
942 _2ddc
_cBK
999 _c54561
_d54561